| 000 | 00554nam a22002057a 4500 | ||
|---|---|---|---|
| 999 |
_c6325 _d6325 |
||
| 003 | OSt | ||
| 005 | 20190918131251.0 | ||
| 008 | 190918b ||||| |||| 00| 0 eng d | ||
| 020 | _a9780073107202 | ||
| 020 | _a0073107204 | ||
| 040 | _cDDC. | ||
| 082 | _a540SIL 2007. | ||
| 100 |
_aSilberberg,S.Martin; _912950 |
||
| 245 | _aPrinciples of General Chemistry. | ||
| 260 |
_aBoston, _bMc Graw Hill; _c2007. |
||
| 300 |
_axxvi,792p; _bcol,ill; _c28cm. |
||
| 504 | _aincludes glossary credit and index. | ||
| 650 |
_aChemistry. _9797 |
||
| 942 |
_2ddc _cO_SHELF |
||